<?xml version="1.0" encoding="UTF-8"?>
<record
    xmlns:xsi="http://www.w3.org/2001/XMLSchema-instance"
    xsi:schemaLocation="http://www.loc.gov/MARC21/slim http://www.loc.gov/standards/marcxml/schema/MARC21slim.xsd"
    xmlns="http://www.loc.gov/MARC21/slim">

  <leader>00730nam a2200205 u 4500</leader>
  <controlfield tag="001">000020314</controlfield>
  <controlfield tag="005">20200929170348.0</controlfield>
  <controlfield tag="008">100813s1968    xx            000 0 spa d</controlfield>
  <datafield tag="020" ind1=" " ind2=" ">
    <subfield code="a">0944499430</subfield>
  </datafield>
  <datafield tag="040" ind1=" " ind2=" ">
    <subfield code="a">DO-SdBNP</subfield>
    <subfield code="b">spa</subfield>
    <subfield code="c">BNPHU</subfield>
  </datafield>
  <datafield tag="082" ind1=" " ind2=" ">
    <subfield code="a">984.052</subfield>
    <subfield code="b">S315d</subfield>
  </datafield>
  <datafield tag="100" ind1="1" ind2=" ">
    <subfield code="a">Guevara, Ernesto,</subfield>
    <subfield code="d">1928-1967</subfield>
    <subfield code="9">19253</subfield>
  </datafield>
  <datafield tag="245" ind1="1" ind2="0">
    <subfield code="a">The diary of Che Guevara :</subfield>
    <subfield code="b">Bolivia, November 7, 1966-October 7, 1967 /</subfield>
    <subfield code="c">introducci&#xF3; de Fidel Castro. Edited by Robert Scheer.</subfield>
  </datafield>
  <datafield tag="260" ind1=" " ind2=" ">
    <subfield code="a">United Setates :</subfield>
    <subfield code="b">Bantam Books,</subfield>
    <subfield code="c">1968.</subfield>
  </datafield>
  <datafield tag="490" ind1="1" ind2=" ">
    <subfield code="a">A Bantam extra</subfield>
  </datafield>
  <datafield tag="650" ind1=" " ind2="4">
    <subfield code="a">Guerrillas</subfield>
    <subfield code="z">Bolivia</subfield>
    <subfield code="9">19328</subfield>
  </datafield>
  <datafield tag="650" ind1=" " ind2="4">
    <subfield code="a">Actividades subversivas bolivia.</subfield>
    <subfield code="z">Bolivia</subfield>
    <subfield code="9">42956</subfield>
  </datafield>
  <datafield tag="651" ind1=" " ind2="4">
    <subfield code="a">Bolivia</subfield>
    <subfield code="x">Historia</subfield>
    <subfield code="y">1938-</subfield>
    <subfield code="9">24469</subfield>
  </datafield>
  <datafield tag="830" ind1=" " ind2="0">
    <subfield code="a">A Bantam extra</subfield>
    <subfield code="9">42957</subfield>
  </datafield>
  <datafield tag="952" ind1=" " ind2=" ">
    <subfield code="0">0</subfield>
    <subfield code="1">0</subfield>
    <subfield code="5">0</subfield>
    <subfield code="7">1</subfield>
    <subfield code="8">MO</subfield>
    <subfield code="a">GR</subfield>
    <subfield code="b">GR</subfield>
    <subfield code="c">CT</subfield>
    <subfield code="d">2017-05-08</subfield>
    <subfield code="i">LF1</subfield>
    <subfield code="l">0</subfield>
    <subfield code="o">984.052 S315d</subfield>
    <subfield code="p">20314-10</subfield>
    <subfield code="r">2020-06-25</subfield>
    <subfield code="w">2020-06-25</subfield>
    <subfield code="y">1</subfield>
    <subfield code="Z">No se presta</subfield>
  </datafield>
  <datafield tag="999" ind1=" " ind2=" ">
    <subfield code="c">19818</subfield>
    <subfield code="d">19818</subfield>
  </datafield>
</record>
